书目信息 |
| 题名: |
数控机床编程与加工实用教程
|
|
| 作者: | 刘建萍 , 叶邦彦 编著 | |
| 分册: | ||
| 出版信息: | 广州 中山大学出版社 2008.05 |
|
| 页数: | 427页 | |
| 开本: | 26cm | |
| 丛书名: | 高职高专数控技术专业系列教材 | |
| 单 册: | ||
| 中图分类: | TG659 | |
| 科图分类: | ||
| 主题词: | 数控机床--shu kong ji chuang--加工--高等学校--教材 , 数控机床--shu kong ji chuang--程序设计--高等学校--教材 | |
| 电子资源: | ||
| ISBN: | 978-7-306-02890-7 | |
| 000 | 01322nam 2200325 450 | |
| 001 | 012009003715 | |
| 005 | 20090622203407.45 | |
| 010 | @a978-7-306-02890-7@dCNY45.00 | |
| 100 | @a20090622d2008 em y0chiy0120 ea | |
| 101 | 0 | @achi |
| 102 | @aCN@b440000 | |
| 105 | @aak a 000yy | |
| 106 | @ar | |
| 200 | 1 | @a数控机床编程与加工实用教程@Ashu kong ji chuang bian cheng yu jia gong shi yong jiao cheng@f刘建萍, 叶邦彦编著@Fliu jian ping,ye bang yan bian zhu |
| 210 | @a广州@c中山大学出版社@d2008.05 | |
| 215 | @a427页@c图@d26cm | |
| 225 | 2 | @a高职高专数控技术专业系列教材@Agao zhi gao zhuan shu kong ji shu zhuan ye xi lie jiao cai |
| 300 | @a广东省数控专业教学指导委员会推荐 | |
| 312 | @a英文并列题名取自封面 | |
| 320 | @a有书目 (第426-427页) | |
| 330 | @a本书主要内容包括:概述、数控加工工艺分析与处理、数控编程中的图形数学处理、数控机床的手工编程、加工中心的手工编程等。 | |
| 410 | 0 | @12001 @a高职高专数控技术专业系列教材 |
| 510 | 1 | @aPractical course of NC programming and machining@zeng |
| 606 | 0 | @a数控机床@Ashu kong ji chuang@x加工@x高等学校@j教材 |
| 606 | 0 | @a数控机床@Ashu kong ji chuang@x程序设计@x高等学校@j教材 |
| 690 | @aTG659@v4 | |
| 701 | 0 | @a刘建萍@Aliu jian ping@4编著 |
| 701 | 0 | @a叶邦彦@Aye bang yan@4编著 |
| 801 | 0 | @aCN@bQSSK@c20090622 |
| 905 | @b748333-35@dTG659@eL634@f3 | |
| 数控机床编程与加工实用教程/刘建萍, 叶邦彦编著.-广州:中山大学出版社,2008.05 |
| 427页:图;26cm.-(高职高专数控技术专业系列教材) |
| 广东省数控专业教学指导委员会推荐 |
| ISBN 978-7-306-02890-7:CNY45.00 |
| 本书主要内容包括:概述、数控加工工艺分析与处理、数控编程中的图形数学处理、数控机床的手工编程、加工中心的手工编程等。 |
| ● |
| 相关链接 |
|
|
|
正题名:数控机床编程与加工实用教程
索取号:TG659/L634
 
预约/预借
| 序号 | 登录号 | 条形码 | 馆藏地/架位号 | 状态 | 备注 |
| 1 | 748333 | 207483338 | 自科库501/400A自科库 29排1列1层/ [索取号:TG659/L634] | 在馆 | |
| 2 | 748334 | 207483347 | 自科库501/501自科库 28排2列4层/ [索取号:TG659/L634] | 在馆 | |
| 3 | 748335 | 207483356 | 自科库501/501自科库 28排2列4层/ [索取号:TG659/L634] | 在馆 |